100 Emmy & Character Names-Comedy Actors Quiz Stats

 Plays Quiz not verified by Sporcle

Score 0/100 Timer 15:00
1 Play Today
% Correct
Alec
85.1%
Dr. Frasier
83.5%
Michael J.
83.5%
Dick
83.2%
Chandler
81.6%
Kelsey
81.2%
Archie
80.6%
Matt
80.3%
Ray
80.3%
Don
79.6%
John
79.6%
Jerry
79.3%
William H.
78.6%
Alan
78.3%
John
78.3%
Ted
78.3%
Arthur
78%
Steve
78%
Charlie
77.7%
Ricky
77.7%
Alex P.
77.3%
Jason
77%
Aziz
75.4%
Bob
75.1%
Craig T.
74.4%
Tony
74.4%
Zach
74.1%
Dr. Sheldon
73.8%
Jeffrey
73.8%
Jon
73.8%
Henry
73.5%
Matthew
72.5%
Hawkeye
72.2%
Jim
72.2%
% Correct
Frankie
71.8%
John
70.6%
Garry
70.2%
Paul
69.6%
Judd
67.3%
Leslie
67%
Raymond
67%
Felix
66.7%
Fred
66%
Sherman
65.7%
Carroll
65%
Redd
64.7%
Dan
64.4%
Jack
64.1%
Jack
63.1%
Sam
62.5%
Maxwell
60.8%
Burt
59.9%
George
59.9%
Bill
58.3%
Fred
56.6%
Michael
56.6%
Tim
56.6%
Judge Harry
56.3%
Tony
55.7%
Robert
55%
Tim
55%
Eric
54.7%
Michael
54.7%
Oscar
54.4%
Darrin
53.4%
Barney
52.4%
John J.D.
51.8%
Kevin
51.5%
% Correct
Larry
50.8%
Dick
50.5%
Rob
50.5%
Jack
50.2%
Robin
50.2%
Hal
49.8%
Adrian
48.9%
Doug
48.5%
Kevin
47.2%
Will
46.6%
Paul
46.3%
Harry
45.6%
Dr. Alan
41.4%
Colonel Robert E.
39.8%
Benson
38.8%
Don
38.8%
Dr. Dick
38.2%
Bob
36.2%
Richard
35.3%
Dick
35%
Larry
34%
Hayden
32%
Brian
30.7%
Sebastian
29.8%
Frank
21.7%
Malcolm
21%
Mike
18.8%
Burt
15.5%
Maura
13.6%
Corporal Randolph
8.7%
Donald
6.8%
Marty
4.5%

You're not logged in!

Compare scores with friends on all Sporcle quizzes.
OR
Log In

Show Comments

Extras

Top Quizzes Today


Score Distribution

Your Account Isn't Verified!

In order to create a playlist on Sporcle, you need to verify the email address you used during registration. Go to your Sporcle Settings to finish the process.

Report this User

Report this user for behavior that violates our Community Guidelines.

Details: